To Study the Classification and Essential Features of Various Kinds of Propulsion Ebgines for Guided Missiles (Record no. 326383)

000 -LEADER
fixed length control field 00452 a2200133 4500
001 - CONTROL NUMBER
control field 91310
082 ## - DEWEY DECIMAL CLASSIFICATION NUMBER
Classification number PR 1207
090 ## - LOCALLY ASSIGNED LC-TYPE CALL NUMBER (OCLC); LOCAL CALL NUMBER (RLIN)
-- 43417
-- 43416
100 ## - MAIN ENTRY--PERSONAL NAME
Personal name muhammad Iqbal; Prof Khalid Pervez and Muhammad Ismail (Advisors)
245 ## - TITLE STATEMENT
Title To Study the Classification and Essential Features of Various Kinds of Propulsion Ebgines for Guided Missiles
Number of part/section of a work 43 'A' EC
260 ## - PUBLICATION, DISTRIBUTION, ETC.
Place of publication, distribution, etc. Karachi
Name of publisher, distributor, etc. NED University
Date of publication, distribution, etc. 1995
300 ## - PHYSICAL DESCRIPTION
Extent 169p
500 ## - GENERAL NOTE
General note BE Project Reports
942 ## - ADDED ENTRY ELEMENTS (KOHA)
Institution code [OBSOLETE] CAE NUST
Call number prefix PR 1207
Holdings
Withdrawn status Lost status Damaged status Not for loan Collection code Permanent Location Current Location Date acquired Total Checkouts Full call number Barcode Date last seen Price effective from Koha item type
          College of Aeronautical Engineering (CAE) College of Aeronautical Engineering (CAE) 04/03/2017   PR 1207 CAEPR-1207 04/05/2017 04/05/2017 Book
          College of Aeronautical Engineering (CAE) College of Aeronautical Engineering (CAE) 04/03/2017   PR 1207 CAEPR-1208 04/05/2017 04/05/2017 Book
© 2023 Central Library, National University of Sciences and Technology. All Rights Reserved.